00693nam a2200217Ia 4500003000400000005001700004008004100021020001500062040001800077041000800095082002100103100002600124245003800150250001200188260004400200300002400244650001900268942002500287999001900312952014400331OSt20250128153442.0210716s2000 xx 000 0 und d a1577489667 cAIMIT LIBRARY aeng a808.83 21bSTEJ aStengl, Jill.9195861 aGrant me mercy /cBy Jill Stengl. a1st ed. aNew York :bBarbour Publishing ;c2000. a174p. ;bPBc17 cm. aNovels9195862 2ddccBKk808.83 STEJ c199886d199886 00102ddc40708MBAaAIMITbAIMITd2021-07-16iBill no:; Bill dt:1900-01-00l0o808.83 STEJpMBA02451r2026-05-23 00:00:00w2021-07-16yBK